10 most expensive countries to export goods from - Statistics

General Stats
  • This quiz has been taken 10 times
  • The average score is 5 of 10
Answer Stats
Price(USD) Answer % Correct
5045 Afghanistan
75%
6615 Chad
63%
5285 Kazakhstan
63%
4760 Kyrgyzstan
63%
4475 Niger
63%
9050 Tajikistan
63%
5090 Uzbekistan
63%
5335 South Sudan
50%
5165 Zambia
25%
5490 Central African Republic
13%
No matching quizzes found
Score Distribution
Percent of People with Each Score
Percentile by Number Answered
Your Score History
You have not taken this quiz